| 000 | 01336pam a2200337 a 4500 | ||
|---|---|---|---|
| 001 | 693173 | ||
| 003 | NUST | ||
| 005 | 20210112160339.0 | ||
| 008 | 961210s1997 paua b 001 0 eng | ||
| 010 | _a 96052458 | ||
| 020 | _a0898713617 (alk. paper) | ||
| 038 | _aSNS Library Staff | ||
| 040 |
_aDLC _cDLC _dDLC |
||
| 050 | 0 | 0 |
_aQA184 _b.T74 1997 |
| 082 | 0 | 0 |
_a512.5 TRE 1997 _221 |
| 100 | 1 |
_aTrefethen, Lloyd N. _q(Lloyd Nicholas) _935597 |
|
| 245 | 1 | 0 |
_aNumerical Linear Algebra _cLloyd N. Trefethen, David Bau. |
| 260 |
_aPhiladelphia : _bSociety for Industrial and Applied Mathematics, _c1997. |
||
| 300 |
_axii, 361 p. : _bill. ; _c26 cm. |
||
| 440 |
_aNumerical Linear Algebra _935598 |
||
| 504 | _aIncludes bibliographical references and index. | ||
| 650 | 0 |
_aAlgebras, Linear. _910720 |
|
| 650 | 0 |
_aNumerical calculations. _935599 |
|
| 700 | 1 |
_aBau, David. _935600 |
|
| 856 | 4 | 2 |
_3Publisher description _uhttp://www.loc.gov/catdir/enhancements/fy0665/96052458-d.html |
| 856 | 4 | 1 |
_3Table of contents only _uhttp://www.loc.gov/catdir/enhancements/fy0665/96052458-t.html |
| 906 |
_a7 _bcbc _corignew _d1 _eocip _f19 _gy-gencatlg |
||
| 942 |
_2ddc _cBK _k512.5 TRE 1997 |
||
| 999 |
_c541232 _d541232 |
||